La lucha contra la muerte

Gespeichert in:
Bibliographische Detailangaben
1. Verfasser: Metalnikof, Sergei Ivanovich (autor)
Format: Buch
Sprache:Spanisch
Veröffentlicht: Buenos Aires Losada 1945
Ausgabe:3a. ed
Schriftenreihe:Ciencia y vida
Schlagworte:
Tags: Tag hinzufügen
Keine Tags, Fügen Sie den ersten Tag hinzu!

MARC

LEADER 00000nam a2200000 a 4500
001 UCT1514
003 CL-VaPUC
008 960927e19450000AG |||||||||||||||||spa|d
082 0 4 |a 571.939  |b MET  |2 21 
100 |a Metalnikof, Sergei Ivanovich  |e autor  |9 370424 
245 1 3 |a La lucha contra la muerte 
250 |a 3a. ed 
300 |a 286 p 
942 |c BK 
945 |d 19960927 00:00:00  |a paguirre 
260 |a Buenos Aires  |b Losada  |c 1945 
650 0 |a Muerte  |9 265114 
650 7 |a FISIOLOGIA  |2 CL-VaPUC  |9 370425 
650 0 |a Enfermedades  |9 263059 
650 7 |a ENVEJECIMIENTO  |2 CL-VaPUC  |9 370426 
650 0 |a Biología  |9 262022 
650 0 |a Sistema nervioso  |9 266815 
583 |a last modification  |c 19960927 00:00:00  |k Rodrigo Vera 
490 0 |a Ciencia y vida 
999 |c 252012  |d 252010